000 00721nam a22001815i 4500
001 152849
003 ES-MaACL
005 20230906204909.0
008 051019s1879 xxk | |||||||| ||eng d
040 _aCAM
_bspa
_cCAM
080 _a913.1(091)
100 1 _aBunbury, E. H.
_932541
245 1 2 _aA history of ancient geography
_b: among the Greeks and Romans from the earliest ages till the fall of the Roman Empire /
_cby E.H. Bunbury.
260 _aLondon :
_bJohn Murray,
_c1879 (
_fPrinted by William Clowes and Sons)
300 _a2 v. (XXX, 666 p., [3] h. de map. pleg.; XVIII, 743 p.) ;
_c23 cm.
650 4 _aGeografĂ­a antigua-
_xHistoria.
_9147897
852 _aES-MaACL
_jG-11690-91
_z-- Enc. tela con hierros
999 _c152849
_d152849